书目信息 |
| 题名: |
英汉生物化学词汇
|
|
| 作者: | ||
| 分册: | ||
| 出版信息: | 北京 科学出版社 1977 |
|
| 页数: | 146页 | |
| 开本: | 19cm | |
| 丛书名: | ||
| 单 册: | ||
| 中图分类: | Q5-61 | |
| 科图分类: | ||
| 主题词: | 生物化学--词典--英、中 | |
| 电子资源: | ||
| ISBN: | ||
| 000 | 00617nam0 2200217 45 | |
| 001 | 0177001561 | |
| 005 | 20061124091636.96 | |
| 010 | @dCNY0.88 | |
| 100 | @a19951031d1977 em y0chiy0121 ea | |
| 101 | 0 | @achi@aeng |
| 102 | @aCN@b110000 | |
| 105 | @af e 000yy | |
| 200 | 10 | @a英汉生物化学词汇@Aying han sheng wu hua xue ci hui |
| 210 | @a北京@c科学出版社@d1977 | |
| 215 | @a146页@c图@d19cm | |
| 300 | @a书未附有“常用生化名词简称或缩写表”、和“十进位数量词头及符号表”等 | |
| 606 | @a生物化学@x词典@x英、中 | |
| 690 | @aQ5-61@v3 | |
| 801 | 2 | @aCN@bNLC@c20061124 |
| 801 | 0 | @aCN@bTSSF |
| 905 | @a10447@dQ5-61@e51 | |
| 英汉生物化学词汇.-北京:科学出版社,1977 |
| 146页:图;19cm |
| 书未附有“常用生化名词简称或缩写表”、和“十进位数量词头及符号表”等 |
| ISBN :CNY0.88 |
| ● |
| 相关链接 |
|
|
|
|
正题名:英汉生物化学词汇
索取号:Q5-61/51
 
预约/预借
| 序号 | 登录号 | 条形码 | 馆藏地/架位号 | 状态 | 备注 |
| 1 | 0218076 | 000703108 | 第二样本阅览室/ [索取号:Q5-61/51] | 在馆 |